Legal case round-up. (Record no. 60658)

MARC details
000 -LEADER
fixed length control field 00657cam a2200169 4500
001 - CONTROL NUMBER
control field ABS60979
008 - FIXED-LENGTH DATA ELEMENTS--GENERAL INFORMATION
fixed length control field 000000n1999 000 0 eng u
035 ## - SYSTEM CONTROL NUMBER
System control number (Sirsi) u101526
100 ## - MAIN ENTRY--PERSONAL NAME
Personal name Dutton, T.
245 ## - TITLE STATEMENT
Title Legal case round-up.
260 ## - PUBLICATION, DISTRIBUTION, ETC.
Date of publication, distribution, etc. 1999
490 ## - SERIES STATEMENT
Series statement Property Week
Volume/sequential designation 64(29) 23 July 1999, 36-37(2)
520 ## - SUMMARY, ETC.
Summary, etc. Reviews recent cases concerning a landlord's right to carry out repairs, whether additional rent should be payable on a property made unfit by bomb damage and whether a landlord can recover repair costs above the statutory level from its tenants.
650 ## - SUBJECT ADDED ENTRY--TOPICAL TERM
Topical term or geographic name entry element REPAIRS
690 ## - LOCAL SUBJECT ADDED ENTRY--TOPICAL TERM (OCLC, RLIN)
Topical term or geographic name as entry element PROPERTY-LANDLORD AND TENANT
942 ## - ADDED ENTRY ELEMENTS (KOHA)
Suppress in OPAC 0
Holdings
Withdrawn status Lost status Source of classification or shelving scheme Damaged status Not for loan Home library Current library Shelving location Date acquired Total Checkouts Full call number Barcode Date last seen Copy number Price effective from Koha item type
    Dewey Decimal Classification     London London Journal article 05/11/1999   ABS60979 101526-1001 06/08/2019 1 06/08/2019 Journal article